000 00706naa a2200205 4500
001 182994
003 ES-MaBCM
005 20241016192824.0
008 110223s2010 usa|r0p 0 ||eng d
021 _axx
035 _a(OCoLC)1365139775
040 _cES-MaBCM
100 1 _aGibson, Edward L.
_992214
245 0 0 _aFederalized party systems and subnational party competition
_b: theory and an empirical application to Argentina
_cEdward L. Gibson and Julieta Suarez-Cao
650 2 7 _aSistema de partidos
_960271
651 2 4 _aArgentina
_9115351
700 1 _aSuárez-Cao, Julieta
_992215
773 0 _aEn:
_tComparative politics
_dNew York
_gVol.43, n.1 (Oct. 2010), p. 21-39
_w104360
942 _cAREV
999 _c182994
_d182994